Information Sources and Services/ (Record no. 194143)

MARC details
000 -LEADER
fixed length control field 00804nam a22002057a 4500
005 - DATE AND TIME OF LATEST TRANSACTION
control field 20230301112404.0
010 ## - LCCN (DPL NO)
LC control number B-746206-210 E.N.A./7.11.22
020 ## - INTERNATIONAL STANDARD BOOK NUMBER
International Standard Book Number 9789392594519
Terms of availability 1050.00
035 ## - SYSTEM CONTROL NUMBER
System control number B-746206-210
037 ## - SOURCE OF ACQUISITION
Source of stock number/acquisition Ess Ess Publications
082 ## - DEWEY DECIMAL CLASSIFICATION NUMBER
Classification number 020
100 ## - MAIN ENTRY--PERSONAL NAME
Personal name Balasubramanian, P
245 ## - TITLE STATEMENT
Title Information Sources and Services/
Statement of responsibility, etc P Balasubramanian
260 ## - PUBLICATION, DISTRIBUTION, ETC. (IMPRINT)
Place of publication, distribution, etc New Delhi
Name of publisher, distributor, etc Ess Ess Publications
Date of publication, distribution, etc 2022
270 ## - ADDRESS
Address 4831/24, Ansari Road, Daryaganj
City New Delhi
Postal code 110002
Telephone number 011-23260807
300 ## - PHYSICAL DESCRIPTION
Extent 248p.
Dimensions 23cm(hbk)
700 ## - ADDED ENTRY--PERSONAL NAME
Personal name Mary, Arogia A.
942 ## - ADDED ENTRY ELEMENTS (KOHA)
Source of classification or shelving scheme Dewey Decimal Classification
Item type English Books
Call number suffix BAL
Classification part 020
Holdings
Withdrawn status Lost status Not for loan Collection code Home library Current library Date acquired Source of acquisition Cost, normal purchase price Full call number Barcode Copy number Cost, replacement price Koha item type
      Non-fiction Central Library Central Library 01/03/2023 Ess Ess Pub./32743/23.11.22/162/23.11.22/30.11.22 1050.00 020 BAL B-746206 1 1050.00 English Books
      Non-fiction Mobile Library Mobile Library 01/03/2023 Ess Ess Pub./32743/23.11.22/162/23.11.22/30.11.22 1050.00 020 BAL B-746207 1 1050.00 English Books
      Non-fiction Patel Nagar Patel Nagar 01/03/2023 Ess Ess Pub./32743/23.11.22/162/23.11.22/30.11.22 1050.00 020 BAL B-746208 1 1050.00 English Books
      Non-fiction Sarojini Nagar Sarojini Nagar 01/03/2023 Ess Ess Pub./32743/23.11.22/162/23.11.22/30.11.22 1050.00 020 BAL B-746209 1 1050.00 English Books
      Non-fiction Shahdara Branch Shahdara Branch 01/03/2023 Ess Ess Pub./32743/23.11.22/162/23.11.22/30.11.22 1050.00 020 BAL B-746210 1 1050.00 English Books

© Delhi Public Library
Hit Counter
free hit counter